The great ideas of philosophy /

Presents sixty lectures by Professor Robinson, tracing the origins of philosophy and its history across the centuries.

Bibliographic Details
Main Author: Robinson, Daniel N., 1937-
Corporate Author: Teaching Company
Format: CD Audio Book
Language:English
Published: Chantilly, VA : Teaching Co., [2004]
Edition:2nd ed.
Series:Great courses (Compact disc)
Subjects:

MARC

Tag First Indicator Second Indicator Subfields
LEADER 00000cim a22000004a 4500
001 in00002123321
005 20151103061153.0
006 a e bd 000 0d
007 sd fsngnnmmned
008 050929s2004 vaunnn e li eng
010 |a  2005583716 
020 |a 1565859812 
035 |a (OCoLC)ocm62086123 
040 |a DLC  |c DLC  |d TXA  |d UtOrBLW 
042 |a pcc 
049 |a TXAM 
050 0 0 |a RZA 8491, etc. 
090 |a B72  |b .R63 2004 
100 1 |a Robinson, Daniel N.,  |d 1937- 
245 1 4 |a The great ideas of philosophy /  |c Daniel N. Robinson. 
250 |a 2nd ed. 
264 1 |a Chantilly, VA :  |b Teaching Co.,  |c [2004] 
264 4 |c ©2004 
300 |a 30 sound discs (approximately 1800 min.) :  |b digital ;  |c 4 3/4 in. +  |e 5 course guidebooks (22 cm.). 
306 |a 300000 
336 |a spoken word  |b spw  |2 rdacontent 
337 |a audio  |b s  |2 rdamedia 
338 |a audio disc  |b sd  |2 rdacarrier 
490 1 |a The great courses 
511 0 |a Daniel N. Robinson, Oxford University, lecturer. 
500 |a "Library edition"--Container spines. 
500 |a Thirty-six lectures/30 min. per lecture. 
500 |a In 5 containers, 26 x 19 cm. 
500 |a Compact discs. 
500 |a Accompanying course guidebooks contain professor biography, course scope, lecture outlines, timeline, glossary, biographical notes, and bibliographical references. 
500 |a "Philosophy & intellectual history"--Containers and course guidebooks. 
500 |a "Course number 4200." 
520 |a Presents sixty lectures by Professor Robinson, tracing the origins of philosophy and its history across the centuries. 
505 0 |a pt.1. disc 1. From the Upanishads to Homer ; Philosophy--did the Greeks invent it? -- disc 2. Pythagoras and the divinity of number ; What is there? -- disc 3. The Greek tragedians on man's fate ; Herodotus and the lamp of history -- disc 4. Socrates on the examined life ; Plato's search for truth -- disc 5. Can virtue be taught? ; Plato's Republic--man writ large -- disc 6. Hippocrates and the science of life ; Aristotle on the knowable. 
505 0 |a pt. 2. disc 7. Aristotle on friendship ; Aristotle on the perfect life -- disc 8. Rome, the Stoics, and the rule of law ; The Stoic bridge to Christianity -- disc 9. Roman law--making a city of the once-wide world ; The light within--Augustine on human nature -- disc 10. Islam ; Secular knowledge--the idea of university -- disc 11. The reappearance of experimental science ; Scholasticism and the theory of natural law -- disc 12. The Renaissance--was there one? ; Let us burn the witches to save them -- 
505 0 |a pt. 3. disc 13. Francis Bacon and the authority of experience ; Descartes and the authority of reason -- disc 14. Newton, the saint of science ; Hobbes and the social machine -- disc 15. Locke's Newtonian science of the mind ; No matter? The challenge of materialism -- disc 16. Hume and the pursuit of happiness ; Thomas Reid and the Scottish school -- disc 17. France and the philosophes ; The federalist papers and the great experiment -- disc 18. What is enlightenment? Kant on freedom ; Moral science and the natural world -- 
505 0 |a pt. 4. disc 19. Phrenology--a science of the mind ; The idea of freedom -- disc 20. The Hegelians and history ; The aesthetic movement--genius -- disc 21. Nietzsche at the twilight ; The liberal tradition--J.S. Mill -- disc 22. Darwin and nature's "purposes" ; Marxism--dead but not forgotten -- disc 23. The Freudian world ; The radical William James -- disc 24. William James' pragmatism ; Wittgenstein and the discursive turn -- 
505 0 |a pt. 5. disc 25. Alan Turing in the forest of wisdom ; Four theories of the good life -- disc 26. Ontology--what there "really" is ; Philosophy of science--the last word? -- disc 27. Philosophy of psychology and related confusions ; Philosophy of mind, if there is one -- disc 28. What makes a problem "moral" ; Medicine and the value of life -- disc 29. On the nature of law ; Justice and just wars -- disc 30. Aesthetics--beauty without observers ; God--really? 
500 |a Sound recording. 
650 0 |a Philosophy  |x History. 
710 2 |a Teaching Company. 
830 0 |a Great courses (Compact disc) 
948 |a cataloged  |b h  |c 2006/4/12  |d c  |e mphillip  |f 11:53:08 am 
994 |a C0  |b TXA 
999 |a MARS 
999 f f |s ccd97d87-c1c0-37c8-ad14-a2a9284f91bd  |i dde1d85c-934b-302a-8b8c-3ecd5f9c6614  |t 0 
952 f f |p normal  |a Texas A&M University  |b College Station  |c Sterling C. Evans Library  |s Evans stk  |d Evans: Library Stacks  |t 0  |e B72 .R63 2004  |h Library of Congress classification  |i audio -- audio disc  |k pt.4  |m A14834035018 
952 f f |p normal  |a Texas A&M University  |b College Station  |c Sterling C. Evans Library  |s Evans stk  |d Evans: Library Stacks  |t 0  |e B72 .R63 2004  |h Library of Congress classification  |i audio -- audio disc  |k pt.2  |m A14834035026 
952 f f |p normal  |a Texas A&M University  |b College Station  |c Sterling C. Evans Library  |s Evans stk  |d Evans: Library Stacks  |t 0  |e B72 .R63 2004  |h Library of Congress classification  |i audio -- audio disc  |k pt.3  |m A14834034973 
952 f f |p normal  |a Texas A&M University  |b College Station  |c Sterling C. Evans Library  |s Evans stk  |d Evans: Library Stacks  |t 0  |e B72 .R63 2004  |h Library of Congress classification  |i audio -- audio disc  |k pt.1  |m A14834035034 
998 f f |a B72 .R63 2004  |s pt.1-4  |t 0  |l Evans: Library Stacks